00274nam a2200109Ia 4500008004100000100001700041245004900058260001700107650001500124942000800139999001700147190216s9999||||xx |||||||||||||| ||und|| aRajendra Pal 0aObjective Type Question In General Knowledge bS Chand & Co aReferences cREF c35732d35732